000 01018nam a22003137a 4500
001 BR7302643
003 BR-BrBNA
005 20230928083933.0
007 ta
008 230509b bl.||||| |||| 00| 0 por d
040 _aBR-BrBNA
_bpor
_cBiblioteca Nacional de Agricultura
041 _a(Por)
072 _aL10
_b5213
_b/G514
090 _ 5213 BR7302643
100 1 _aAndrade, V.J. de
110 1 _aUniversidade Federal de Minas Gerais, Belo Horizonte (Brasil). Escola de Veterinaria
_0Tese (Mestre em Zootecnia)
245 1 _aEfeitos de meio e heranca sobre o peso de bezerros da raca Guzera aos 205 dias de idade [Brasil]
260 3 _aBelo Horizonte, MG (Brasil):
_c1973.
300 _a104 p.
500 _a22 tables; Bibliography p. 87-104 (137 ref.); Summary (Por); Microficha
650 _aGENETICA ANIMAL
650 _aHEREDITARIEDADE
650 _aREPRODUCAO ANIMAL
650 _aGADO GUZERA
650 _aBEZERRO
650 _aPESO
909 _a202309
_bLucia
_c55
_dLucia Elande
942 _cBK
999 _c15914
_d15914